| 000 | 00731nam a2200229 a 4500 | ||
|---|---|---|---|
| 005 | 20230316063552.0 | ||
| 008 | 031010s2001 mx r 000 0 spa d | ||
| 020 | _a9681663918 | ||
| 035 | _aUPN01000129908 | ||
| 049 | _aI | ||
| 050 | 4 |
_aPZ76.3 _bB7.72 2001 |
|
| 100 | 1 |
_aBrowne, Anthony Edward Tudor, _d1946- _935823 |
|
| 245 | 1 | 0 |
_aWilly el soñardor / _cAnthony Browne ; tr. Carmem Esteva. |
| 250 | _a2a ed. | ||
| 260 |
_aMéxico : _bFCE, _c2001. |
||
| 300 |
_a[22] p. : _bprincipalmente il. col. |
||
| 440 | 4 | _aLos especiales de A la orilla del viento | |
| 534 |
_pTraducción de: _tWilly the dreamer |
||
| 650 | 0 |
_aAnimales _vCuentos y leyendas _9234 |
|
| 650 | 4 |
_aCuentos infantiles ingleses _910002 |
|
| 905 | _aInfantil | ||
| 999 |
_c102065 _d102065 |
||